Biblical Leadership/ (Record no. 4301)

MARC details
000 -LEADER
fixed length control field 00490nam a22001697a 4500
003 - CONTROL NUMBER IDENTIFIER
control field OSt
005 - DATE AND TIME OF LATEST TRANSACTION
control field 20181204172015.0
008 - FIXED-LENGTH DATA ELEMENTS--GENERAL INFORMATION
fixed length control field 181204b ||||| |||| 00| 0 eng d
020 ## - INTERNATIONAL STANDARD BOOK NUMBER
International Standard Book Number 1932307214
040 ## - CATALOGING SOURCE
Language of cataloging DLC
Transcribing agency DLC
Modifying agency DLC
082 ## - DEWEY DECIMAL CLASSIFICATION NUMBER
Classification number 253
Item number C699B
100 ## - MAIN ENTRY--PERSONAL NAME
Personal name Collier, Ken and William, Matt;
245 ## - TITLE STATEMENT
Title Biblical Leadership/
Remainder of title Becoming a Different Kind of Leader/
260 ## - PUBLICATION, DISTRIBUTION, ETC.
Place of publication, distribution, etc. Greenville, South Carolina;
Name of publisher, distributor, etc. Ambassador International;
Date of publication, distribution, etc. c2004
300 ## - PHYSICAL DESCRIPTION
Extent 169p.;
Dimensions 22cm
942 ## - ADDED ENTRY ELEMENTS (KOHA)
Source of classification or shelving scheme Dewey Decimal Classification
Koha item type Books
Holdings
Withdrawn status Lost status Source of classification or shelving scheme Damaged status Not for loan Collection code Home library Current library Shelving location Date acquired Cost, normal purchase price Total Checkouts Full call number Barcode Date last seen Price effective from Koha item type
    Dewey Decimal Classification   Not For Loan Non-fiction Harvest Mission College Harvest Mission College General Stacks 04.12.2018 160.00   253 C699B 004961 04.12.2018 04.12.2018 Books

OPAC Designed and Maintained by HMC Library Team.
Copyright © HMC Library,Greater Noida, UP.
For any Suggestions/Query Contact library via Email:libhmc@gmail.com